| 000 | 00496nam a2200193 a 4500 | ||
|---|---|---|---|
| 001 | 1777454633463 | ||
| 003 | YourLibrary | ||
| 005 | 20260429145627.0 | ||
| 008 | 260429s2003##################000#0#eng## | ||
| 020 | _a9788176493925 | ||
| 082 | 0 | 4 |
_a384.0954 _bDOS |
| 100 | 1 |
_aDossani, Rafiq, _eauthor. |
|
| 245 | 1 | 0 | _aTelecommunications Reform In India : |
| 260 | _c2003. | ||
| 300 | _a258 pages | ||
| 650 | 0 | _aTelecommunication. | |
| 942 | _cENGLISH | ||
| 040 |
_aYourLibrary _beng _cYourLibrary |
||
| 999 |
_c621596 _d621596 |
||